000 00761cam a2200193 4500
001 ABS61222
008 000000n1999 000 0 eng u
035 _a(Sirsi) u101822
245 _aWaste classification scheme takes shape with industry co-operation.
260 _c1999
490 _aENDS Report
_v(295) August 1999, 41(1)
520 _aDiscusses the UK's waste classification scheme which is to be tested at 40 waste sites across the UK covering hundreds of waste producers. Gives the background to the scheme which is now run by the Environment Agency.
650 _aCLASSIFICATION SCHEME
650 _aWASTE MANAGEMENT
650 _aENVIRONMENT AGENCY
650 _aWASTE MATERIALS
690 _aENVIRONMENTAL AND LAND CONSULTANCY
942 _n0
999 _c60934
_d60934